[Event "Moscow_Open_19_TurnirA"]
[Site "?"]
[Date "2019.02.03"]
[Round "9.8"]
[White "Korneev, Oleg"]
[Black "Zakhartsov, Vladimir"]
[Result "1/2-1/2"]
[BlackElo "2483"]
[WhiteElo "2545"]
[LiveChessVersion "1.4.8"]

1. e4 {[%clk 1:30:57]} c5 {[%clk 1:20:49]} 2. Nf3 {[%clk 1:23:16]} d6
{[%clk 1:21:08]} 3. d4 {[%clk 1:23:43]} Nf6 {[%clk 1:21:30]} 4. Nc3
{[%clk 1:23:47]} cxd4 {[%clk 1:21:55]} 5. Nxd4 {[%clk 1:24:14]} a6
{[%clk 1:22:20]} 6. Be3 {[%clk 1:24:40]} Ng4 7. Bc1 {[%clk 1:21:03]} Nf6
{[%clk 1:23:09]} 8. f3 {[%clk 1:21:29]} e5 {[%clk 1:23:31]} 9. Nb3
{[%clk 1:21:57]} Be6 {[%clk 1:23:53]} 10. Be3 {[%clk 1:22:26]} h5
{[%clk 1:24:04]} 11. Qd2 {[%clk 1:22:24]} Nbd7 {[%clk 1:24:24]} 12. O-O-O
{[%clk 1:22:46]} Be7 {[%clk 1:19:35]} 13. Kb1 {[%clk 1:22:01]} Qc7
{[%clk 1:17:34]} 14. h3 {[%clk 1:20:26]} h4 {[%clk 1:16:45]} 15. Bd3
{[%clk 1:20:48]} b5 {[%clk 1:16:31]} 16. f4 {[%clk 1:17:22]} Rb8 {[%clk 1:06:46]}
17. Ne2 {[%clk 0:38:07]} Qb7 {[%clk 1:03:24]} 18. Na5 {[%clk 0:38:33]} Qc7
{[%clk 1:03:49]} 19. Nb3 {[%clk 0:39:00]} Qb7 {[%clk 1:04:15]} 20. Na5
{[%clk 0:39:28]} Qc7 {[%clk 1:04:42]} 21. Nb3 {[%clk 0:39:53]} 1/2-1/2

[Event "Moscow_Open_19_TurnirA"]
[Site "?"]
[Date "2019.02.03"]
[Round "9.9"]
[White "Fedorov, Alexei"]
[Black "Ivanov, Oleg V"]
[Result "0-1"]
[BlackElo "2429"]
[WhiteElo "2557"]
[LiveChessVersion "1.4.8"]

1. e4 c5 2. d3 Nc6 3. g3 Nf6 4. Bg2 d5 5. Nd2 e6 6. Ngf3 g6 7. O-O Bg7 8. c3 O-O
9. e5 Nd7 10. d4 b5 11. Nb3 a5 12. Bf4 b4 13. a4 bxa3 14. Rxa3 cxd4 15. cxd4 Ba6
16. Re1 Qb6 17. Re3 Rfb8 18. Rc3 Bf8 19. Ra1 Bb4 20. Rc2 Bb5 21. Nc1 a4 22. Na2
Bf8 23. Nc3 Bc4 24. Rd2 Na5 25. Rb1 Bb4 26. Qc2 Bxc3 27. Qxc3 a3 28. Qxa3 Nb3 29.
Qe7 Nxd2 30. Ng5 Rf8 31. Bxd2 Bd3 32. Rd1 Qxb2 33. Qb4 Qxb4 34. Bxb4 Rfb8 35.
Rxd3 Rxb4 36. Bf1 Ra1 37. Kg2 h6 38. Nf3 Rb2 39. Rc3 Raa2 40. Bb5 Rxb5 0-1

[Event "Moscow_Open_19_TurnirA"]
[Site "?"]
[Date "2019.02.03"]
[Round "9.10"]
[White "Tsydypov, Zhamsaran"]
[Black "Drygalov, Sergey"]
[Result "1-0"]
[BlackElo "2442"]
[WhiteElo "2545"]
[LiveChessVersion "1.4.8"]

1. e4 {[%clk 1:18:22]} c5 {[%clk 1:30:56]} 2. Nf3 {[%clk 1:18:41]} d6
{[%clk 1:31:22]} 3. d4 {[%clk 1:18:56]} cxd4 {[%clk 1:31:48]} 4. Nxd4
{[%clk 1:19:21]} Nf6 {[%clk 1:32:15]} 5. Nc3 {[%clk 1:19:44]} a6 {[%clk 1:32:41]}
6. Bg5 {[%clk 1:19:50]} e6 {[%clk 1:33:06]} 7. f4 {[%clk 1:20:13]} h6
{[%clk 1:33:33]} 8. Bh4 {[%clk 1:20:39]} Qb6 {[%clk 1:34:01]} 9. a3
{[%clk 1:21:01]} Be7 {[%clk 1:31:00]} 10. Bf2 {[%clk 1:21:25]} Qc7
{[%clk 1:31:25]} 11. Qf3 {[%clk 1:21:51]} b5 12. O-O-O {[%clk 1:12:56]} Bb7
{[%clk 1:29:28]} 13. g4 {[%clk 1:12:30]} Nbd7 {[%clk 1:29:42]} 14. h4
{[%clk 1:11:48]} Nc5 {[%clk 1:29:00]} 15. Bd3 {[%clk 1:11:40]} d5
{[%clk 1:28:03]} 16. e5 {[%clk 1:12:05]} Nfe4 {[%clk 1:27:47]} 17. Be1
{[%clk 1:08:12]} O-O-O {[%clk 1:25:07]} 18. Qe3 {[%clk 1:01:24]} Nxd3+
{[%clk 1:03:51]} 19. cxd3 {[%clk 0:57:29]} Nc5 {[%clk 0:57:27]} 20. Kb1
{[%clk 0:42:02]} Qb6 {[%clk 0:55:18]} 21. Rc1 {[%clk 0:38:34]} Kd7
{[%clk 0:50:45]} 22. Bd2 {[%clk 0:34:19]} a5 {[%clk 0:39:26]} 23. Ncxb5
{[%clk 0:30:18]} Ba6 {[%clk 0:38:18]} 24. a4 {[%clk 0:30:45]} Rb8
{[%clk 0:31:57]} 25. Rc3 {[%clk 0:27:26]} Rhc8 {[%clk 0:26:50]} 26. Rhc1
{[%clk 0:27:20]} Nxa4 {[%clk 0:20:26]} 27. Rc6 {[%clk 0:18:51]} Qb7
{[%clk 0:19:29]} 28. Rc7+ {[%clk 0:15:44]} Rxc7 {[%clk 0:19:42]} 29. Rxc7+
{[%clk 0:16:08]} Qxc7 {[%clk 0:20:08]} 30. Nxc7 {[%clk 0:16:33]} Rxb2+
{[%clk 0:16:59]} 31. Kc1 {[%clk 0:15:53]} Kxc7 {[%clk 0:16:54]} 32. Nxe6+
{[%clk 0:16:11]} fxe6 {[%clk 0:14:33]} 33. Qa7+ {[%clk 0:16:32]} Bb7
{[%clk 0:15:00]} 34. Qxa5+ {[%clk 0:16:53]} Rb6 {[%clk 0:15:26]} 35. Qxa4
{[%clk 0:17:19]} Bc6 {[%clk 0:15:50]} 36. Qd4 {[%clk 0:15:21]} Ra6
{[%clk 0:16:16]} 37. Bb4 {[%clk 0:14:35]} Bxh4 {[%clk 0:09:59]} 38. Qc5
{[%clk 0:14:00]} Bg3 {[%clk 0:10:18]} 39. Qe7+ {[%clk 0:13:50]} Kb6
{[%clk 0:10:30]} 40. Bc5+ {[%clk 0:42:55]} Ka5 {[%clk 0:37:44]} 41. Be3
{[%clk 0:43:08]} d4 {[%clk 0:37:49]} 42. Qc5+ {[%clk 0:43:16]} 1-0

[Event "Moscow_Open_19_TurnirA"]
[Site "?"]
[Date "2019.02.03"]
[Round "9.11"]
[White "Khegay, Dmitriy"]
[Black "Faizrakhmanov, Ramil"]
[Result "1/2-1/2"]
[BlackElo "2441"]
[WhiteElo "2504"]
[LiveChessVersion "1.4.8"]

1. g3 {[%clk 1:28:01]} Nf6 {[%clk 1:30:11]} 2. Bg2 {[%clk 1:28:27]} d5
{[%clk 1:30:11]} 3. d3 {[%clk 1:28:53]} c6 {[%clk 1:29:38]} 4. f4
{[%clk 1:29:03]} g6 {[%clk 1:28:59]} 5. Nf3 {[%clk 1:29:29]} Bg7 {[%clk 1:28:47]}
6. O-O {[%clk 1:29:53]} O-O {[%clk 1:23:37]} 7. Qe1 {[%clk 1:30:15]} Nbd7
{[%clk 1:22:54]} 8. e4 {[%clk 1:29:55]} dxe4 {[%clk 1:20:06]} 9. dxe4
{[%clk 1:30:20]} e5 10. Nc3 {[%clk 1:26:31]} exf4 {[%clk 1:13:57]} 11. gxf4
{[%clk 1:26:19]} Nb6 {[%clk 1:13:52]} 12. e5 {[%clk 1:25:19]} Nfd5
{[%clk 1:09:52]} 13. Ne4 {[%clk 1:25:41]} Bf5 {[%clk 0:50:36]} 14. Qe2
{[%clk 1:25:05]} Bxe4 {[%clk 0:46:22]} 15. Qxe4 {[%clk 1:25:30]} Qe7
{[%clk 0:45:40]} 16. b3 {[%clk 1:14:14]} Qc5+ {[%clk 0:41:23]} 17. Kh1
{[%clk 1:14:37]} Qc3 {[%clk 0:41:09]} 18. Bd2 {[%clk 1:14:40]} f5
{[%clk 0:36:13]} 19. exf6 {[%clk 1:14:53]} Qxf6 {[%clk 0:36:29]} 20. Ne5
{[%clk 1:13:41]} Qf5 {[%clk 0:26:16]} 21. Rae1 {[%clk 1:13:50]} Qxe4
{[%clk 0:25:50]} 22. Rxe4 {[%clk 1:14:13]} Rae8 {[%clk 0:25:37]} 23. c4
{[%clk 1:13:48]} Nf6 {[%clk 0:25:37]} 24. Ree1 {[%clk 1:14:12]} Nh5
{[%clk 0:25:17]} 25. a4 {[%clk 1:11:02]} Rd8 {[%clk 0:20:19]} 26. Be3
{[%clk 1:10:48]} Nd7 {[%clk 0:20:07]} 27. Nd3 {[%clk 1:06:13]} a6
{[%clk 0:13:02]} 28. Bf3 {[%clk 1:06:28]} Nhf6 {[%clk 0:12:46]} 29. b4
{[%clk 1:05:41]} Nb6 {[%clk 0:11:03]} 30. Nc5 {[%clk 1:03:36]} Nxc4
{[%clk 0:10:59]} 31. Nxb7 {[%clk 1:03:17]} Nxe3 {[%clk 0:11:09]} 32. Rxe3
{[%clk 1:03:43]} Rd4 {[%clk 0:11:03]} 33. Rb1 {[%clk 1:04:00]} Nd5
{[%clk 0:10:16]} 34. Bxd5+ {[%clk 1:04:22]} Rxd5 {[%clk 0:08:31]} 35. Na5
{[%clk 1:04:46]} Rxf4 {[%clk 0:06:19]} 36. Nxc6 {[%clk 1:05:12]} Rd2
{[%clk 0:06:27]} 37. b5 {[%clk 1:04:59]} axb5 {[%clk 0:06:47]} 38. axb5
{[%clk 1:05:24]} Rff2 {[%clk 0:06:00]} 39. b6 {[%clk 1:02:31]} Rxh2+
{[%clk 0:05:47]} 40. Kg1 {[%clk 1:32:57]} Rdg2+ {[%clk 0:33:16]} 41. Kf1
{[%clk 1:33:22]} Rf2+ {[%clk 0:24:24]} 42. Kg1 {[%clk 1:33:28]} Rb2
{[%clk 0:19:48]} 43. Rxb2 {[%clk 1:33:38]} Rxb2 {[%clk 0:20:09]} 44. Re8+
{[%clk 1:33:57]} Bf8 {[%clk 0:20:26]} 45. Ne5 {[%clk 1:33:43]} Kg7
{[%clk 0:18:17]} 46. Nd7 {[%clk 1:34:06]} Bd6 {[%clk 0:17:41]} 47. Re6
{[%clk 1:34:14]} Bf4 {[%clk 0:17:30]} 48. Re7+ {[%clk 1:34:30]} Kh6
{[%clk 0:17:48]} 49. Kf1 {[%clk 1:33:35]} g5 {[%clk 0:15:09]} 50. Nf8
{[%clk 1:34:00]} Kh5 {[%clk 0:15:27]} 51. Rxh7+ {[%clk 1:32:45]} Kg4
{[%clk 0:15:52]} 52. Nd7 {[%clk 1:32:36]} Kg3 {[%clk 0:14:14]} 53. Rf7
{[%clk 1:29:01]} Rf2+ {[%clk 0:12:11]} 54. Kg1 {[%clk 1:29:30]} Rb2
{[%clk 0:10:07]} 55. Kf1 {[%clk 1:29:54]} Rf2+ {[%clk 0:07:36]} 56. Kg1
{[%clk 1:30:19]} Rb2 {[%clk 0:03:03]} 57. Kf1 {[%clk 1:30:44]} Kf3
{[%clk 0:02:20]} 58. Ne5+ {[%clk 1:31:08]} Ke4 {[%clk 0:02:44]} 59. Nc4
{[%clk 1:29:33]} Rb1+ {[%clk 0:02:58]} 60. Kg2 {[%clk 1:29:52]} Kd5
{[%clk 0:02:14]} 61. Na5 {[%clk 1:28:06]} Rxb6 {[%clk 0:01:36]} 62. Kf3
{[%clk 1:28:35]} Ke6 {[%clk 0:01:04]} 63. Rh7 {[%clk 1:28:31]} Kf5
{[%clk 0:00:56]} 64. Rf7+ {[%clk 1:28:55]} Kg6 {[%clk 0:01:19]} 65. Rd7
{[%clk 1:29:17]} Be5 {[%clk 0:01:03]} 66. Nc4 {[%clk 1:29:22]} Rb3+
{[%clk 0:01:27]} 67. Ke4 {[%clk 1:29:47]} Rb4 {[%clk 0:01:21]} 68. Kd3
{[%clk 1:29:20]} Bf6 {[%clk 0:01:30]} 69. Ne3 {[%clk 1:29:38]} g4
{[%clk 0:00:52]} 70. Rd6 {[%clk 1:30:04]} g3 {[%clk 0:00:38]} 71. Ke2
{[%clk 1:30:20]} Rf4 {[%clk 0:00:37]} 72. Nd5 {[%clk 1:30:19]} Rf2+
{[%clk 0:00:59]} 73. Ke3 {[%clk 1:30:37]} Kg5 {[%clk 0:01:20]} 74. Nxf6
{[%clk 1:30:59]} Rxf6 {[%clk 0:01:45]} 75. Ke4 1/2-1/2

[Event "Moscow_Open_19_TurnirA"]
[Site "?"]
[Date "2019.02.03"]
[Round "9.12"]
[White "Golubov, Saveliy"]
[Black "Agmanov, Zhandos"]
[Result "1-0"]
[BlackElo "2405"]
[WhiteElo "2482"]
[LiveChessVersion "1.4.8"]

1. d4 {[%clk 1:27:29]} Nf6 {[%clk 1:25:37]} 2. Bg5 {[%clk 1:26:43]} d5
{[%clk 1:25:05]} 3. Bxf6 {[%clk 1:25:54]} exf6 {[%clk 1:23:02]} 4. e3 Bd6
{[%clk 1:14:17]} 5. Nd2 {[%clk 1:20:36]} O-O {[%clk 1:13:02]} 6. g3
{[%clk 1:20:43]} Re8 {[%clk 1:08:38]} 7. Bg2 {[%clk 1:18:57]} c6 {[%clk 1:03:55]}
8. Ngf3 {[%clk 1:02:18]} Qb6 {[%clk 0:54:38]} 9. Qc1 {[%clk 0:58:11]} Qa6
{[%clk 0:44:08]} 10. a4 {[%clk 0:55:56]} Bf5 {[%clk 0:38:44]} 11. a5
{[%clk 0:48:33]} Nd7 {[%clk 0:38:55]} 12. Qd1 {[%clk 0:28:19]} Nf8
{[%clk 0:22:50]} 13. Nh4 {[%clk 0:27:30]} Bd7 {[%clk 0:22:50]} 14. Bf1
{[%clk 0:26:35]} b5 {[%clk 0:23:03]} 15. Bd3 {[%clk 0:26:51]} Qc8
{[%clk 0:23:04]} 16. O-O {[%clk 0:26:40]} Bg4 {[%clk 0:21:02]} 17. Be2
{[%clk 0:26:23]} Bf5 {[%clk 0:18:02]} 18. Nxf5 {[%clk 0:25:01]} Qxf5
{[%clk 0:17:56]} 19. Bd3 {[%clk 0:19:46]} Qh3 {[%clk 0:15:11]} 20. Qf3
{[%clk 0:19:02]} Ne6 {[%clk 0:15:33]} 21. Bf5 {[%clk 0:15:14]} Qh6
{[%clk 0:15:56]} 22. c3 {[%clk 0:15:19]} g6 {[%clk 0:14:26]} 23. Bxe6
{[%clk 0:15:22]} Rxe6 {[%clk 0:14:53]} 24. b3 {[%clk 0:15:51]} Rd8
{[%clk 0:11:35]} 25. Rfd1 {[%clk 0:15:18]} f5 {[%clk 0:11:35]} 26. c4
{[%clk 0:14:13]} Bb4 {[%clk 0:10:19]} 27. a6 {[%clk 0:14:41]} Qf8
{[%clk 0:05:59]} 28. Rac1 {[%clk 0:13:41]} Bxd2 {[%clk 0:06:13]} 29. Rxd2
{[%clk 0:13:57]} Qb4 {[%clk 0:06:39]} 30. Qd1 {[%clk 0:13:25]} bxc4
{[%clk 0:06:11]} 31. bxc4 {[%clk 0:13:53]} Rb8 {[%clk 0:06:32]} 32. Rdc2
{[%clk 0:13:07]} dxc4 {[%clk 0:05:15]} 33. Rxc4 {[%clk 0:13:31]} Qb5
{[%clk 0:05:44]} 34. Qc2 {[%clk 0:09:06]} Qxa6 {[%clk 0:06:07]} 35. Rxc6
{[%clk 0:09:09]} Rxc6 {[%clk 0:06:05]} 36. Qxc6 {[%clk 0:09:37]} Qxc6
{[%clk 0:06:34]} 37. Rxc6 {[%clk 0:09:54]} Rb1+ {[%clk 0:05:35]} 38. Kg2
{[%clk 0:10:23]} a5 {[%clk 0:05:58]} 39. Rc2 {[%clk 0:08:22]} Ra1
{[%clk 0:04:52]} 40. Kf3 {[%clk 0:38:14]} a4 {[%clk 0:33:28]} 41. Kf4
{[%clk 0:30:58]} f6 {[%clk 0:31:50]} 42. e4 {[%clk 0:25:43]} Rd1 {[%clk 0:24:11]}
43. d5 {[%clk 0:25:48]} Rd4 {[%clk 0:23:28]} 44. f3 {[%clk 0:25:59]} fxe4
{[%clk 0:18:56]} 45. fxe4 {[%clk 0:26:22]} a3 46. Rc8+ {[%clk 0:22:05]} Kf7
{[%clk 0:14:00]} 47. Rc7+ {[%clk 0:22:08]} Ke8 {[%clk 0:14:16]} 48. Ra7
{[%clk 0:22:09]} f5 {[%clk 0:14:22]} 49. Rxa3 {[%clk 0:21:54]} Rxe4+
{[%clk 0:14:43]} 50. Kg5 {[%clk 0:22:14]} Ke7 {[%clk 0:09:23]} 51. Kh6
{[%clk 0:19:05]} f4 {[%clk 0:04:15]} 52. Kxh7 {[%clk 0:17:33]} g5
{[%clk 0:03:03]} 53. Kg6 {[%clk 0:14:54]} Re3 {[%clk 0:03:27]} 54. Ra7+
{[%clk 0:14:34]} Kd6 {[%clk 0:03:56]} 55. g4 {[%clk 0:14:44]} Re5
{[%clk 0:01:58]} 56. Kf6 {[%clk 0:12:29]} Rxd5 {[%clk 0:02:12]} 57. Ra4
{[%clk 0:12:43]} Kd7 {[%clk 0:01:10]} 58. Re4 {[%clk 0:12:07]} Kd8
{[%clk 0:00:50]} 59. Re1 {[%clk 0:11:46]} Kd7 {[%clk 0:00:55]} 60. Ra1
{[%clk 0:11:44]} Kd6 {[%clk 0:00:40]} 61. h4 {[%clk 0:11:35]} gxh4
{[%clk 0:01:09]} 62. g5 {[%clk 0:12:05]} Rd2 {[%clk 0:01:16]} 63. g6
{[%clk 0:06:40]} Rg2 {[%clk 0:01:17]} 64. Rd1+ {[%clk 0:06:50]} Kc7
{[%clk 0:01:17]} 65. g7 {[%clk 0:06:33]} h3 66. Kf7 {[%clk 0:06:29]} h2
{[%clk 0:01:49]} 67. g8=Q {[%clk 0:06:23]} Rxg8 {[%clk 0:02:12]} 68. Kxg8
{[%clk 0:06:50]} h1=B {[%clk 0:02:26]} 69. Rxh1 {[%clk 0:07:15]} Kd6
{[%clk 0:02:54]} 70. Rh5 {[%clk 0:06:56]} Kd5 1-0

[Event "Moscow_Open_19_TurnirA"]
[Site "?"]
[Date "2019.02.03"]
[Round "9.14"]
[White "Shukh, Nikolai"]
[Black "Radzhabov, Rodion"]
[Result "0-1"]
[BlackElo "2329"]
[WhiteElo "2459"]
[LiveChessVersion "1.4.8"]

1. e4 {[%clk 1:30:57]} c5 {[%clk 1:30:50]} 2. Nf3 {[%clk 1:31:23]} Nc6
{[%clk 1:31:13]} 3. d4 {[%clk 1:30:11]} cxd4 {[%clk 1:31:41]} 4. Nxd4
{[%clk 1:30:36]} Qc7 {[%clk 1:32:05]} 5. Nc3 {[%clk 1:31:00]} e6 {[%clk 1:32:29]}
6. Be3 {[%clk 1:30:04]} a6 {[%clk 1:32:55]} 7. Qf3 {[%clk 1:30:17]} Ne5
{[%clk 1:31:51]} 8. Qg3 {[%clk 1:30:39]} h5 {[%clk 1:32:12]} 9. O-O-O
{[%clk 1:30:46]} h4 10. Qh3 {[%clk 1:31:12]} b5 {[%clk 1:16:08]} 11. f4
{[%clk 1:29:52]} Nc4 {[%clk 1:16:11]} 12. Bxc4 {[%clk 1:30:16]} Qxc4
{[%clk 1:16:39]} 13. f5 {[%clk 1:30:30]} Bb7 {[%clk 1:15:16]} 14. fxe6
{[%clk 1:26:18]} dxe6 {[%clk 1:15:28]} 15. Rhf1 {[%clk 1:20:11]} Rc8
{[%clk 1:15:02]} 16. Kb1 {[%clk 0:40:32]} Nf6 {[%clk 1:02:24]} 17. e5
{[%clk 0:37:21]} Ne4 {[%clk 0:59:51]} 18. Nxe4 {[%clk 0:36:21]} Bxe4
{[%clk 1:00:11]} 19. Rf2 {[%clk 0:36:29]} Qd5 {[%clk 0:50:43]} 20. Qg4
{[%clk 0:33:36]} Bg6 {[%clk 0:46:20]} 21. Qf4 {[%clk 0:22:53]} Rh5
{[%clk 0:45:46]} 22. Rff1 {[%clk 0:17:30]} Qxg2 {[%clk 0:40:34]} 23. Ka1
{[%clk 0:17:06]} Be7 {[%clk 0:36:40]} 24. Nf3 {[%clk 0:13:49]} Rc4
{[%clk 0:33:24]} 25. Bd4 {[%clk 0:14:14]} Qxc2 {[%clk 0:26:57]} 26. b3
{[%clk 0:13:59]} Bb4 {[%clk 0:24:29]} 0-1